<?xml version="1.0" encoding="UTF-8"?><marc:collection xmlns:marc="http://www.loc.gov/MARC21/slim">
  <marc:record>
    <marc:leader>03588nas a2200469 c 4500</marc:leader>
    <marc:controlfield tag="001">010063374</marc:controlfield>
    <marc:controlfield tag="003">DE-101</marc:controlfield>
    <marc:controlfield tag="005">20241112213535.0</marc:controlfield>
    <marc:controlfield tag="007">tu</marc:controlfield>
    <marc:controlfield tag="008">991118d19121936xx u||m|  ||| 0||||1ger c</marc:controlfield>
    <marc:datafield tag="015" ind1=" " ind2=" ">
      <marc:subfield code="a">12,L01</marc:subfield>
      <marc:subfield code="2">dnb</marc:subfield>
    </marc:datafield>
    <marc:datafield tag="016" ind1="7" ind2=" ">
      <marc:subfield code="2">DE-600</marc:subfield>
      <marc:subfield code="a">957388-4</marc:subfield>
    </marc:datafield>
    <marc:datafield tag="016" ind1="7" ind2=" ">
      <marc:subfield code="2">DE-101</marc:subfield>
      <marc:subfield code="a">010063374</marc:subfield>
    </marc:datafield>
    <marc:datafield tag="035" ind1=" " ind2=" ">
      <marc:subfield code="a">(DE-599)ZDB957388-4</marc:subfield>
    </marc:datafield>
    <marc:datafield tag="035" ind1=" " ind2=" ">
      <marc:subfield code="a">(OCoLC)310834308</marc:subfield>
    </marc:datafield>
    <marc:datafield tag="040" ind1=" " ind2=" ">
      <marc:subfield code="a">9001</marc:subfield>
      <marc:subfield code="b">ger</marc:subfield>
      <marc:subfield code="c">DE-101</marc:subfield>
      <marc:subfield code="d">9999</marc:subfield>
    </marc:datafield>
    <marc:datafield tag="041" ind1=" " ind2=" ">
      <marc:subfield code="a">ger</marc:subfield>
    </marc:datafield>
    <marc:datafield tag="042" ind1=" " ind2=" ">
      <marc:subfield code="a">zdb</marc:subfield>
    </marc:datafield>
    <marc:datafield tag="044" ind1=" " ind2=" ">
      <marc:subfield code="c">XA-DXDE</marc:subfield>
    </marc:datafield>
    <marc:datafield tag="082" ind1="7" ind2="4">
      <marc:subfield code="a">610</marc:subfield>
      <marc:subfield code="q">DE-600</marc:subfield>
      <marc:subfield code="2">22sdnb</marc:subfield>
    </marc:datafield>
    <marc:datafield tag="245" ind1="0" ind2="0">
      <marc:subfield code="a">Veröffentlichungen aus dem Gebiete der Medizinalverwaltung</marc:subfield>
      <marc:subfield code="c">hrsg. von der Abteilung Volksgesundheit des Reichs- und Preussischen Ministerium des Innern</marc:subfield>
    </marc:datafield>
    <marc:datafield tag="264" ind1="3" ind2="1">
      <marc:subfield code="a">Berlin</marc:subfield>
      <marc:subfield code="b">Schoetz</marc:subfield>
      <marc:subfield code="c">1912-1936</marc:subfield>
    </marc:datafield>
    <marc:datafield tag="336" ind1=" " ind2=" ">
      <marc:subfield code="a">Text</marc:subfield>
      <marc:subfield code="b">txt</marc:subfield>
      <marc:subfield code="2">rdacontent</marc:subfield>
    </marc:datafield>
    <marc:datafield tag="337" ind1=" " ind2=" ">
      <marc:subfield code="a">ohne Hilfsmittel zu benutzen</marc:subfield>
      <marc:subfield code="b">n</marc:subfield>
      <marc:subfield code="2">rdamedia</marc:subfield>
    </marc:datafield>
    <marc:datafield tag="338" ind1=" " ind2=" ">
      <marc:subfield code="a">Band</marc:subfield>
      <marc:subfield code="b">nc</marc:subfield>
      <marc:subfield code="2">rdacarrier</marc:subfield>
    </marc:datafield>
    <marc:datafield tag="362" ind1="0" ind2=" ">
      <marc:subfield code="a">1.1912 - 46.1936 = Nr. 1-411</marc:subfield>
    </marc:datafield>
    <marc:datafield tag="363" ind1="0" ind2="0">
      <marc:subfield code="8">1.1\x</marc:subfield>
      <marc:subfield code="a">1</marc:subfield>
      <marc:subfield code="i">1912</marc:subfield>
    </marc:datafield>
    <marc:datafield tag="363" ind1="1" ind2="0">
      <marc:subfield code="8">1.2\x</marc:subfield>
      <marc:subfield code="a">46</marc:subfield>
      <marc:subfield code="i">1936</marc:subfield>
    </marc:datafield>
    <marc:datafield tag="500" ind1=" " ind2=" ">
      <marc:subfield code="a">Digital.: Frankfurt, M. : Univ.-Bibliothek, 2006</marc:subfield>
    </marc:datafield>
    <marc:datafield tag="591" ind1=" " ind2=" ">
      <marc:subfield code="a">(Keine 4245)18!se-Änderung(30-03-06)</marc:subfield>
    </marc:datafield>
    <marc:datafield tag="655" ind1=" " ind2="7">
      <marc:subfield code="0">(DE-588)4179998-7</marc:subfield>
      <marc:subfield code="0">https://d-nb.info/gnd/4179998-7</marc:subfield>
      <marc:subfield code="0">(DE-101)041799984</marc:subfield>
      <marc:subfield code="a">Monografische Reihe</marc:subfield>
      <marc:subfield code="2">gnd-content</marc:subfield>
    </marc:datafield>
    <marc:datafield tag="710" ind1="1" ind2=" ">
      <marc:subfield code="0">(DE-588)500137-7</marc:subfield>
      <marc:subfield code="0">https://d-nb.info/gnd/500137-7</marc:subfield>
      <marc:subfield code="0">(DE-101)005001374</marc:subfield>
      <marc:subfield code="a">Deutsches Reich</marc:subfield>
      <marc:subfield code="b">Reichs- und Preußisches Ministerium des Innern</marc:subfield>
      <marc:subfield code="b">Abteilung Volksgesundheit</marc:subfield>
      <marc:subfield code="e">Herausgebendes Organ</marc:subfield>
      <marc:subfield code="4">isb</marc:subfield>
      <marc:subfield code="2">gnd</marc:subfield>
    </marc:datafield>
    <marc:datafield tag="770" ind1="0" ind2="8">
      <marc:subfield code="i">Supplement</marc:subfield>
      <marc:subfield code="n">Darin anfangs</marc:subfield>
      <marc:subfield code="a">Landesanstalt für Wasserhygiene</marc:subfield>
      <marc:subfield code="t">Jahresberichte der Landesanstalt für Wasserhygiene zu Berlin-Dahlem</marc:subfield>
      <marc:subfield code="d">Berlin : Schoetz, 1915-1921</marc:subfield>
      <marc:subfield code="w">(DE-600)517504-5</marc:subfield>
      <marc:subfield code="w">(DE-101)012742457</marc:subfield>
    </marc:datafield>
    <marc:datafield tag="770" ind1="0" ind2="8">
      <marc:subfield code="i">Supplement</marc:subfield>
      <marc:subfield code="n">Darin anfangs</marc:subfield>
      <marc:subfield code="a">Institut für Infektionskrankheiten Robert Koch</marc:subfield>
      <marc:subfield code="t">Bericht über die Tätigkeit des Instituts für Infektionskrankheiten Robert Koch zu Berlin</marc:subfield>
      <marc:subfield code="d">Berlin : Schoetz, 1915-1942</marc:subfield>
      <marc:subfield code="w">(DE-600)517226-3</marc:subfield>
      <marc:subfield code="w">(DE-101)012740144</marc:subfield>
    </marc:datafield>
    <marc:datafield tag="770" ind1="0" ind2="8">
      <marc:subfield code="i">Supplement</marc:subfield>
      <marc:subfield code="n">1,10 u. 4,6 darin</marc:subfield>
      <marc:subfield code="a">Königliche Versuchs- und Prüfungsanstalt für Wasserversorgung und Abwässerbeseitigung</marc:subfield>
      <marc:subfield code="t">Jahresberichte der Kgl. Versuchs- und Prüfungsanstalt für Wasserversorgung und Abwässerbeseitigung</marc:subfield>
      <marc:subfield code="d">Berlin : Schoetz, 1901-1915</marc:subfield>
      <marc:subfield code="w">(DE-600)517503-3</marc:subfield>
      <marc:subfield code="w">(DE-101)012742449</marc:subfield>
    </marc:datafield>
    <marc:datafield tag="770" ind1="0" ind2="8">
      <marc:subfield code="i">Supplement</marc:subfield>
      <marc:subfield code="n">31,3; 33,4; 35,3; 37,4; 40,9; 42,1; 44,11 darin</marc:subfield>
      <marc:subfield code="a">Landesanstalt für Wasser-, Boden- und Lufthygiene</marc:subfield>
      <marc:subfield code="t">Jahresberichte der Landesanstalt für Wasser-, Boden- und Lufthygiene zu Berlin-Dahlem</marc:subfield>
      <marc:subfield code="d">Berlin : Schoetz, 1925-1940</marc:subfield>
      <marc:subfield code="w">(DE-600)517505-7</marc:subfield>
      <marc:subfield code="w">(DE-101)012742465</marc:subfield>
    </marc:datafield>
    <marc:datafield tag="770" ind1="0" ind2="8">
      <marc:subfield code="i">Supplement</marc:subfield>
      <marc:subfield code="n">1,10 darin</marc:subfield>
      <marc:subfield code="a">Königliches Institut für Infektionskrankheiten / Wutschutzabteilung</marc:subfield>
      <marc:subfield code="t">Zusammenfassender Bericht über die Tätigkeit der Wutschutz-Abteilung am Königlichen Institut für Infektionskrankheiten</marc:subfield>
      <marc:subfield code="d">Berlin : Schoetz, 1912-1912</marc:subfield>
      <marc:subfield code="w">(DE-600)1102317-X</marc:subfield>
      <marc:subfield code="w">(DE-101)016324331</marc:subfield>
    </marc:datafield>
    <marc:datafield tag="770" ind1="0" ind2="8">
      <marc:subfield code="i">Supplement</marc:subfield>
      <marc:subfield code="n">4,6 darin</marc:subfield>
      <marc:subfield code="a">Königliches Institut für Infektionskrankheiten / Wutschutzabteilung</marc:subfield>
      <marc:subfield code="t">Bericht über die Tätigkeit der Wutschutz-Abteilung am Kgl. Institut für Infektionskrankheiten Robert Koch</marc:subfield>
      <marc:subfield code="d">Berlin : Schoetz, 1915-1915</marc:subfield>
      <marc:subfield code="w">(DE-600)518069-7</marc:subfield>
      <marc:subfield code="w">(DE-101)01274736X</marc:subfield>
    </marc:datafield>
    <marc:datafield tag="770" ind1="0" ind2="8">
      <marc:subfield code="i">Supplement</marc:subfield>
      <marc:subfield code="n">14,4 darin</marc:subfield>
      <marc:subfield code="t">Übersicht über die in Preußen amtlich gemeldeten Bißverletzungen durch tolle oder der Tollwut verdächtige Tiere</marc:subfield>
      <marc:subfield code="d">Berlin : Schoetz, 1921-1929</marc:subfield>
      <marc:subfield code="w">(DE-600)520246-2</marc:subfield>
      <marc:subfield code="w">(DE-101)012767204</marc:subfield>
    </marc:datafield>
    <marc:datafield tag="770" ind1="0" ind2="8">
      <marc:subfield code="i">Supplement</marc:subfield>
      <marc:subfield code="n">14,7 darin</marc:subfield>
      <marc:subfield code="t">Bericht über die Tätigkeit der Medizinaluntersuchungsanstalten</marc:subfield>
      <marc:subfield code="d">Berlin : Schoetz, 1921-1930</marc:subfield>
      <marc:subfield code="w">(DE-600)517230-5</marc:subfield>
      <marc:subfield code="w">(DE-101)012740187</marc:subfield>
    </marc:datafield>
    <marc:datafield tag="785" ind1="0" ind2="0">
      <marc:subfield code="i">Forts.:</marc:subfield>
      <marc:subfield code="t">Veröffentlichungen aus dem Gebiete des Volksgesundheitsdienstes</marc:subfield>
      <marc:subfield code="d">Berlin : Schoetz, 1936-1944</marc:subfield>
      <marc:subfield code="w">(DE-600)840702-2</marc:subfield>
      <marc:subfield code="w">(DE-101)014524414</marc:subfield>
    </marc:datafield>
    <marc:datafield tag="850" ind1=" " ind2=" ">
      <marc:subfield code="a">DE-101a</marc:subfield>
      <marc:subfield code="a">DE-101b</marc:subfield>
    </marc:datafield>
  </marc:record>
</marc:collection>
